Sports Quiz

Random Sports or NBA Quiz

NBA Last 5 Coaches Quiz Stats

 Plays Quiz Updated Aug 7, 2019

Score 0/150 Timer 15:00
5 Plays Today
Team Coach % Correct
Los Angeles LakersFrank Vogel
90%
Golden State WarriorsMark Jackson
88.4%
Boston CelticsDoc Rivers
87.8%
Los Angeles ClippersDoc Rivers
86.9%
Charlotte HornetsLarry Brown
86%
San Antonio SpursLarry Brown
86%
Los Angeles LakersMike Brown
85.8%
Cleveland CavaliersLarry Drew
82.9%
Los Angeles LakersMike D'Antoni
82.3%
Cleveland CavaliersMike Brown
82.1%
Brooklyn NetsJason Kidd
80%
San Antonio SpursGregg Popovich
79.2%
Miami HeatStan Van Gundy
78.2%
Cleveland CavaliersTyronn Lue
77.5%
Houston RocketsJeff Van Gundy
77.2%
Dallas MavericksAvery Johnson
75.9%
Orlando MagicSteve Clifford
75.5%
Los Angeles ClippersDennis Johnson
74.5%
Miami HeatPat Riley
72.8%
Miami HeatPat Riley
72.8%
New York KnicksKurt Rambis
72.7%
New York KnicksDavid Fizdale
71.8%
Boston CelticsBrad Stevens
71.3%
Denver NuggetsGeorge Karl
69.1%
Dallas MavericksRick Carlisle
67.7%
Indiana PacersRick Carlisle
67.7%
Miami HeatErik Spoelstra
67.3%
Brooklyn NetsKenny Atkinson
66.2%
Utah JazzJerry Sloan
65.8%
Minnesota TimberwolvesTom Thibodeau
63.2%
Phoenix SunsEarl Watson
61.5%
New Orleans PelicansByron Scott
61.2%
Houston RocketsKevin McHale
60.1%
Cleveland CavaliersJohn Beilein
59.9%
Indiana PacersNate McMillan
59.6%
Oklahoma City ThunderScott Brooks
59%
Chicago BullsVinny Del Negro
57.1%
New York KnicksJeff Hornacek
56.1%
Chicago BullsTom Thibodeau
55.4%
Los Angeles LakersByron Scott
55%
Dallas MavericksDon Nelson
54.5%
Golden State WarriorsDon Nelson
54.5%
Los Angeles ClippersVinny Del Negro
54.3%
Chicago BullsFred Hoiberg
54.2%
Washington WizardsScott Brooks
54.1%
Houston RocketsMike D'Antoni
54.1%
New York KnicksDerek Fisher
53.8%
Philadelphia 76ersBrett Brown
53.1%
Orlando MagicFrank Vogel
53%
Washington WizardsFlip Saunders
53%
Team Coach % Correct
Atlanta HawksMike Budenholzer
52.7%
Indiana PacersIsiah Thomas
52.2%
New Orleans PelicansMonty Williams
52%
Oklahoma City ThunderBilly Donovan
49.8%
Chicago BullsJim Boylen
49.5%
Phoenix SunsJeff Hornacek
49.5%
Milwaukee BucksScott Skiles
49.5%
Houston RocketsRick Adelman
49.1%
Minnesota TimberwolvesRick Adelman
49.1%
New Orleans PelicansAlvin Gentry
47.8%
New York KnicksMike Woodson
47.7%
Atlanta HawksMike Woodson
47%
Brooklyn NetsLionel Hollins
46.8%
Cleveland CavaliersDavid Blatt
45.6%
Portland Trail BlazersNate McMillan
44.4%
Portland Trail BlazersTerry Stotts
44.1%
Philadelphia 76ersDoug Collins
43.9%
Golden State WarriorsSteve Kerr
43.9%
Milwaukee BucksJason Kidd
43.8%
Sacramento KingsMike Malone
43.6%
Detroit PistonsStan Van Gundy
43.4%
Indiana PacersFrank Vogel
41.2%
Miami HeatAlvin Gentry
40.2%
Philadelphia 76ersEddie Jordan
39.6%
Washington WizardsEddie Jordan
39.6%
Detroit PistonsLawrence Frank
38.7%
Los Angeles ClippersMike Dunleavy
38.2%
Memphis GrizzliesLionel Hollins
37.8%
Toronto RaptorsNick Nurse
37.4%
Phoenix SunsIgor Kokoškov
37%
Minnesota TimberwolvesRyan Saunders
36.7%
Toronto RaptorsDwane Casey
36.7%
Boston CelticsRick Pitino
36.2%
Minnesota TimberwolvesFlip Saunders
36.1%
Denver NuggetsBrian Shaw
35.1%
Sacramento KingsGeorge Karl
34.9%
Brooklyn NetsTony Brown
34.3%
Detroit PistonsMaurice Cheeks
33.6%
Memphis GrizzliesDavid Joerger
33.1%
Milwaukee BucksLarry Drew
32.3%
Philadelphia 76ersMaurice Cheeks
32.2%
Portland Trail BlazersMaurice Cheeks
32.2%
Charlotte HornetsSteve Clifford
31.7%
Atlanta HawksLarry Drew
31.1%
Washington WizardsRandy Wittman
30.8%
Brooklyn NetsPJ Carlesimo
30.7%
Detroit PistonsJohn Loyer
30.5%
Charlotte HornetsPaul Silas
30.5%
Memphis GrizzliesDavid Fizdale
29.7%
Orlando MagicJacque Vaughn
29.3%
Team Coach % Correct
Atlanta HawksTerry Stotts
28.7%
Boston CelticsJim O'Brien
27.7%
Indiana PacersJim O'Brien
27.7%
Sacramento KingsLuke Walton
27.2%
Toronto RaptorsSam Mitchell
27.2%
Oklahoma City ThunderP.J. Carlesimo
26.6%
Utah JazzTyrone Corbin
26.3%
Oklahoma City ThunderBob Hill
26.1%
San Antonio SpursBob Hill
26.1%
Los Angeles LakersLuke Walton
24.8%
Utah JazzQuin Snyder
23.2%
Minnesota TimberwolvesSam Mitchell
23.1%
Orlando MagicScott Skiles
22.4%
Phoenix SunsJay Triano
22.3%
Sacramento KingsKeith Smart
21.3%
Golden State WarriorsKeith Smart
20.5%
Denver NuggetsMichael Malone
19.8%
Detroit PistonsDwane Casey
19.4%
Houston RocketsJ.B. Bickerstaff
18.2%
Phoenix SunsMonty Williams
14.7%
Utah JazzFrank Layden
14.2%
Toronto RaptorsJay Triano
13.3%
New Orleans PelicansTim Floyd
13%
Sacramento KingsDave Joerger
12.9%
Charlotte HornetsMike Dunlap
12.6%
Milwaukee BucksMike Budenholzer
12.5%
Atlanta HawksLloyd Pierce
11.9%
Orlando MagicJames Borrego
11.9%
Milwaukee BucksJim Boylan
11.9%
Golden State WarriorsMike Montgomery
11.3%
San Antonio SpursJohn Lucas
10.7%
San Antonio SpursJerry Tarkanian
10.1%
Denver NuggetsMichael Cooper
9.9%
Chicago BullsJim Boylan
9%
Memphis GrizzliesJ.B. Bickerstaff
8.9%
Charlotte HornetsJames Borrego
8.8%
Dallas MavericksDick Motta
8.8%
Memphis GrizzliesTaylor Jenkins
7.9%
Denver NuggetsJeff Bzdelik
7.8%
Toronto RaptorsKevin O'Neill
6.7%
Los Angeles ClippersKim Hughes
6.4%
Boston CelticsJohn Carroll
5.6%
Portland Trail BlazersKaleb Canales
5.6%
Oklahoma City ThunderBob Weiss
5.4%
Dallas MavericksJim Cleamons
5.3%
Philadelphia 76ersTony DiLeo
4.8%
New Orleans PelicansJeff Bower
4.3%
Portland Trail BlazersKevin Pritchard
4%
Washington WizardsEd Tapscott
3.6%
Utah JazzTom Nissalke
3.1%

You're not logged in!

Compare scores with friends on all Sporcle quizzes.
OR
Log In

Sporcle TV

Today on Sporcle TV


Watch our educational content, quiz creation guides, and fun videos on Sporcle TV.

Show Comments

Extras

Top Quizzes Today


Score Distribution

Your Account Isn't Verified!

In order to create a playlist on Sporcle, you need to verify the email address you used during registration. Go to your Sporcle Settings to finish the process.

Report this User

Report this user for behavior that violates our Community Guidelines.

Details: